Lựa chọn sơ đồ treo dây chống sét cho đường dây truyền tải nhằm nâng cao hiệu quả kinh tế
Tổng quan về chống sét cho các đường dây tải điện; Cơ sở tính toán suất cắt điện đường dây; Xác định hàm chi phí tính toán; Xây dựng chương trình tính toán lựa chọn sơ đồ treo dây chống sét; Áp dụng tính toán cho các công trình thực tế....
محفوظ في:
| المؤلف الرئيسي: | |
|---|---|
| مؤلفون آخرون: | |
| التنسيق: | كتاب |
| اللغة: | Vietnamese |
| منشور في: |
Đà Nẵng :
Đại học Đà Nẵng,
2005.
|
| الموضوعات: | |
| الوسوم: |
إضافة وسم
لا توجد وسوم, كن أول من يضع وسما على هذه التسجيلة!
|
| Thư viện lưu trữ: | Mạng thư viện Đại học Đà Nẵng |
|---|
| LEADER | 01683cam a2200373 a 4500 | ||
|---|---|---|---|
| 001 | 000043903 | ||
| 003 | 2025 | ||
| 005 | 20060221140645.0 | ||
| 008 | 010217b2005 vm 000 vie | ||
| 040 | |a LRC |c LRC |d LRC | ||
| 041 | 0 | |a vie | |
| 082 | 1 | 4 | |a 621.319 |b LÊ-N |
| 100 | 1 | |a Lê Văn Nghiệp. | |
| 245 | 1 | 0 | |a Lựa chọn sơ đồ treo dây chống sét cho đường dây truyền tải nhằm nâng cao hiệu quả kinh tế |h [Thesis - Luận văn] / |c Lê Văn Nghiệp thực hiện; Ngô Văn Dưỡng hướng dẫn. |
| 260 | |a Đà Nẵng : |b Đại học Đà Nẵng, |c 2005. | ||
| 300 | |a 89, 23 tr. : |b mh. ; |c 29 cm. | ||
| 520 | 3 | |a Tổng quan về chống sét cho các đường dây tải điện; Cơ sở tính toán suất cắt điện đường dây; Xác định hàm chi phí tính toán; Xây dựng chương trình tính toán lựa chọn sơ đồ treo dây chống sét; Áp dụng tính toán cho các công trình thực tế. | |
| 630 | 0 | 4 | |a Hệ thống điện. |
| 630 | 0 | 4 | |a Chống sét. |
| 650 | 0 | 4 | |a Lưới điện. |
| 700 | 1 | |a Ngô Văn Dưỡng, |c TS., |e hướng dẫn. | |
| OWN | |a DUT | ||
| AVA | |a UDN50 |b DUT |c Internal Resources |d 621.319 LÊ-N |e available |t Error 5001 Not defined in file expand_doc_bib_avail. |f 2 |g 0 |h N |i 0 |j NS |k 1 | ||
| 999 | |a From the UDN01 | ||
| AVA | |a UDN50 |b DUT |c Internal Resources |d 621.319 LÊ-N |e available |t Error 5001 Not defined in file expand_doc_bib_avail. |f 2 |g 0 |h N |i 0 |j NS |k 1 | ||
| TYP | |a Mixed Materials | ||
| TYP | |a Monograph | ||
| TYP | |a Printed language | ||
| 980 | |a Mạng thư viện Đại học Đà Nẵng | ||